000 00497nam a2200181Ia 4500
999 _c16712
_d16712
003 OSt
005 20200606120001.0
008 190216s9999||||xx |||||||||||||| ||und||
020 _a8190225421
040 _cMESKC library
082 _a954
_bSHA/G
100 _aSharma, Satyapal
_9294
245 0 _aGuru Nanak Dev /
_c Satyapal Sharma
260 _bTiskvari Book Center,
_c2005.
_aDelhi:
300 _a272p
650 _aHindi
942 _cBK
_2ddc
_h954
_iSHA/G
_k954
_mSHA/G